Online
Catalog

Vacaciones en la costa brava : (Record no. 11252)

MARC details
000 -CABECERA
campo de control de longitud fija 01040nam a2200265 a 4500
001 - NÚMERO DE CONTROL
campo de control 000011557
005 - FECHA Y HORA DE LA ÚLTIMA TRANSACCIÓN
campo de control 20200929162506.0
008 - DATOS DE LONGITUD FIJA--INFORMACIÓN GENERAL
campo de control de longitud fija 091020s1970 sp b 001 f spa
040 ## - FUENTE DE LA CATALOGACIÓN
Centro catalogador/agencia de origen DO-SdBNP
Lengua de catalogación spa
Centro/agencia transcriptor BNPHU
041 17 - CÓDIGO DE LENGUA
Código de lengua del texto/banda sonora o título independiente spa
Código de lengua original ger
Fuente del código Código de idioma MARC
082 ## - NÚMERO DE LA CLASIFICACIÓN DECIMAL DEWEY
Número de clasificación 910.202
Número de documento/Ítem G675v
049 ## - FONDOS LOCALES (OCLC)
Fondos de biblioteca BNGR
100 1# - ENTRADA PRINCIPAL--NOMBRE DE PERSONA
Nombre de persona Gorz, Heinz
9 (RLIN) 27372
240 10 - TÍTULO UNIFORME
Título uniforme Urlaubsziel costa brava / costa del sol,
Fecha de la firma de un tratado 1967.
245 10 - MENCIÓN DE TÍTULO
Título Vacaciones en la costa brava :
Resto del título la costa del sol /
Mención de responsabilidad, etc. Heinz Gorz ; traductor, Luis Fernández Villanueva.
260 ## - PUBLICACIÓN, DISTRIBUCIÓN, ETC.
Lugar de publicación, distribución, etc. Madrid :
Nombre del editor, distribuidor, etc. Mediterráneo,
Fecha de publicación, distribución, etc. 1970.
300 ## - DESCRIPCIÓN FÍSICA
Extensión 141 p. :
Otras características físicas mapas ;
Dimensiones 19 cm.
490 1# - MENCIÓN DE SERIE
Mención de serie EDIME
Designación de volumen o secuencia 71
534 ## - NOTA SOBRE LA VERSIÓN ORIGINAL
Frase introductoria Título original en alemán:
Mención de título del original Urlaubsziel costa brava / costa del sol
Publicación, distribución, etc. del original España : Wilhelm Heyne Verlag, 1967.
650 #4 - PUNTO DE ACCESO ADICIONAL DE MATERIA--TÉRMINO DE MATERIA
Término de materia o nombre geográfico como elemento de entrada Viajes
Subdivisión de forma GUÍAS
9 (RLIN) 5045
650 #4 - PUNTO DE ACCESO ADICIONAL DE MATERIA--TÉRMINO DE MATERIA
Término de materia o nombre geográfico como elemento de entrada Costa brava (españa)
Subdivisión general Descripciones y viajes
Subdivisión de forma GUÍAS
9 (RLIN) 27373
650 #4 - PUNTO DE ACCESO ADICIONAL DE MATERIA--TÉRMINO DE MATERIA
Término de materia o nombre geográfico como elemento de entrada Costa del sol (españa)
Subdivisión general Descripciones y viajes
Subdivisión de forma GUÍAS
9 (RLIN) 27374
700 1# - PUNTO DE ACCESO ADICIONAL--NOMBRE DE PERSONA
Nombre de persona Fernández Villanueva, Luis,
Término indicativo de función/relación tr.
9 (RLIN) 27375
830 #0 - PUNTO DE ACCESO ADICIONAL DE SERIE-TÍTULO UNIFORME
Título uniforme EDIME
Designación de volumen o secuencia 71
9 (RLIN) 12624
Holdings
Estado de retiro Estado de pérdida Restricciones de uso No para préstamo Código de colección Localización permanente Ubicación/localización actual Ubicación en estantería Fecha de adquisición Número de inventario Total de préstamos Signatura topográfica completa Código de barras Fecha visto por última vez Precio válido a partir de Tipo de ítem Koha
    Préstamo en sala   Dominicana de Servicio Biblioteca Nacional Pedro Henríquez Ureña Biblioteca Nacional Pedro Henríquez Ureña En catalogación 25.03.2010 LF1   910.202 G675v 11557-10 25.06.2020 25.06.2020 Préstamo en sala

Powered by Koha